000 00416nam a2200181Ia 4500
005 20250603144748.0
008 250603s9999 xx 000 0 und d
020 _a9789382226376
050 _aBF 698.9.C8 .S74/
100 _aSteinfeld, W.A.
245 0 _aCultural psychology
260 _aNew Delhi
260 _bRandom Exports
260 _c2013
300 _a340 p
650 _aNew Delhi
942 _cBK
999 _c39876
_d39876